| 000 | 00427 a2200157 4500 | ||
|---|---|---|---|
| 005 | 20260328111207.0 | ||
| 008 | 260317b |||||||| |||| 00| 0 eng d | ||
| 020 | _a9789364870573 | ||
| 080 |
_aFM _bREK/S |
||
| 100 | _aRekha K. | ||
| 245 | _aSancharipravu(സഞ്ചാരിപ്രാവ്) | ||
| 260 |
_bD C books. _aKottayam. _c2025. |
||
| 300 | _a72p. | ||
| 653 | _aFiction-Novel-Malayalam literature | ||
| 942 | _cBK | ||
| 999 |
_c115355 _d115354 |
||